[Event "DVM U20 2023"]
[Site "Magdeburg GER"]
[Date "2023.12.30"]
[Round "7"]
[White "Geltz, Noah"]
[Black "Woelk, Tom-Frederic"]
[Result "0-1"]
[Termination "normal"]
[Board "2.1"]
[BlackTitle "FM"]
[WhiteElo "2166"]
[BlackElo "2377"]
[WhiteClock "00:21:02"]
[BlackClock "00:49:35"]
[WhiteTeam "SF HN-Biberach 1978"]
[BlackTeam "Hamburger SK 1830"]
[PlyCount "52"]
[WhiteFideId "16224256"]
[BlackFideId "12993077"]
[EventCountry "GER"]
[EventRounds "7"]
[EventType "team-swiss"]
[EventDate "2023.12.26"]

1. d4 {[%clk 01:27:52]} {[%emt 00:03:06]} Nf6 {[%clk 01:30:47]} {[%emt
00:00:15]} 2. Bf4 {[%clk 01:27:19]} {[%emt 00:01:02]} d5 {[%clk 01:30:04]}
{[%emt 00:01:12]} 3. Nf3 {[%clk 01:27:40]} {[%emt 00:00:09]} e6 {[%clk
01:30:27]} {[%emt 00:00:08]} 4. e3 {[%clk 01:26:57]} {[%emt 00:01:12]} c5
{[%clk 01:30:51]} {[%emt 00:00:06]} 5. Nbd2 {[%clk 01:25:33]} {[%emt 00:01:54]}
Nc6 {[%clk 01:31:13]} {[%emt 00:00:07]} 6. c3 {[%clk 01:24:37]} {[%emt
00:01:28]} Nh5 {[%clk 01:31:18]} {[%emt 00:00:24]} 7. Bg5 {[%clk 01:23:13]}
{[%emt 00:01:53]} f6 {[%clk 01:31:14]} {[%emt 00:00:35]} 8. Bh4 {[%clk
01:23:09]} {[%emt 00:00:34]} g6 {[%clk 01:31:38]} {[%emt 00:00:06]} 9. Bd3
{[%clk 01:17:24]} {[%emt 00:06:16]} Be7 {[%clk 01:31:16]} {[%emt 00:00:52]} 10.
O-O {[%clk 01:07:56]} {[%emt 00:09:58]} c4 {[%clk 01:23:34]} {[%emt 00:08:12]}
11. Be2 {[%clk 01:06:16]} {[%emt 00:02:09]} b5 {[%clk 01:21:10]} {[%emt
00:02:54]} 12. b4 {[%clk 00:54:13]} {[%emt 00:12:33]} a5 {[%clk 01:20:16]}
{[%emt 00:01:25]} 13. a3 {[%clk 00:54:38]} {[%emt 00:00:05]} O-O {[%clk
01:20:23]} {[%emt 00:00:23]} 14. e4 {[%clk 00:44:37]} {[%emt 00:10:30]} dxe4
{[%clk 01:16:12]} {[%emt 00:04:41]} 15. Nxe4 {[%clk 00:45:03]} {[%emt
00:00:05]} Nf4 {[%clk 00:54:10]} {[%emt 00:22:31]} 16. Bg3 {[%clk 00:40:34]}
{[%emt 00:04:59]} Nd5 {[%clk 00:53:21]} {[%emt 00:01:20]} 17. Qd2 {[%clk
00:20:28]} {[%emt 00:20:36]} f5 {[%clk 00:53:22]} {[%emt 00:00:30]} 18. Neg5
{[%clk 00:20:38]} {[%emt 00:00:19]} f4 {[%clk 00:53:15]} {[%emt 00:00:37]} 19.
Bh4 {[%clk 00:21:04]} {[%emt 00:00:04]} h6 {[%clk 00:53:34]} {[%emt 00:00:12]}
20. Qc2 {[%clk 00:21:14]} {[%emt 00:00:19]} Kg7 {[%clk 00:53:46]} {[%emt
00:00:19]} 21. Ne4 {[%clk 00:21:07]} {[%emt 00:00:37]} Bxh4 {[%clk 00:54:01]}
{[%emt 00:00:15]} 22. Nxh4 {[%clk 00:21:28]} {[%emt 00:00:09]} Qxh4 {[%clk
00:54:26]} {[%emt 00:00:05]} 23. a4 {[%clk 00:21:46]} {[%emt 00:00:12]} f3
{[%clk 00:48:46]} {[%emt 00:06:08]} 24. Bxf3 {[%clk 00:22:10]} {[%emt
00:00:07]} Rxf3 {[%clk 00:48:46]} {[%emt 00:00:30]} 25. gxf3 {[%clk 00:21:49]}
{[%emt 00:00:52]} Nf4 {[%clk 00:49:12]} {[%emt 00:00:05]} 26. Qd2 {[%clk
00:21:02]} {[%emt 00:01:17]} g5 {[%clk 00:49:35]} {[%emt 00:00:07]} 0-1

[Event "DVM U20 2023"]
[Site "Magdeburg GER"]
[Date "2023.12.30"]
[Round "7"]
[White "Späth, René"]
[Black "Weihrauch, Jakob"]
[Result "0-1"]
[Termination "normal"]
[Board "2.3"]
[BlackTitle "FM"]
[WhiteElo "1588"]
[BlackElo "2257"]
[WhiteClock "00:06:21"]
[BlackClock "00:05:05"]
[WhiteTeam "SF HN-Biberach 1978"]
[BlackTeam "Hamburger SK 1830"]
[PlyCount "70"]
[WhiteFideId "16224272"]
[BlackFideId "16210115"]
[EventCountry "GER"]
[EventRounds "7"]
[EventType "team-swiss"]
[EventDate "2023.12.26"]

1. e4 {[%clk 01:29:12]} {[%emt 00:01:48]} c5 {[%clk 01:30:52]} {[%emt
00:00:09]} 2. Nf3 {[%clk 01:29:18]} {[%emt 00:00:23]} d6 {[%clk 01:31:17]}
{[%emt 00:00:05]} 3. d4 {[%clk 01:29:37]} {[%emt 00:00:11]} cxd4 {[%clk
01:31:44]} {[%emt 00:00:03]} 4. Nxd4 {[%clk 01:30:03]} {[%emt 00:00:04]} Nf6
{[%clk 01:32:10]} {[%emt 00:00:05]} 5. Nc3 {[%clk 01:30:30]} {[%emt 00:00:03]}
a6 {[%clk 01:32:36]} {[%emt 00:00:03]} 6. Be3 {[%clk 01:30:06]} {[%emt
00:00:53]} e5 {[%clk 01:32:59]} {[%emt 00:00:08]} 7. Nb3 {[%clk 01:29:36]}
{[%emt 00:00:59]} Be6 {[%clk 01:33:24]} {[%emt 00:00:05]} 8. f3 {[%clk
01:24:57]} {[%emt 00:05:10]} h5 {[%clk 01:33:44]} {[%emt 00:00:09]} 9. Qd2
{[%clk 01:24:14]} {[%emt 00:01:14]} Nbd7 {[%clk 01:34:09]} {[%emt 00:00:06]}
10. Be2 {[%clk 01:23:51]} {[%emt 00:00:53]} Rc8 {[%clk 01:27:58]} {[%emt
00:06:41]} 11. O-O {[%clk 01:19:54]} {[%emt 00:04:27]} Be7 {[%clk 01:24:57]}
{[%emt 00:03:31]} 12. a4 {[%clk 01:16:38]} {[%emt 00:03:46]} Nb6 {[%clk
01:21:24]} {[%emt 00:04:03]} 13. Rfd1 {[%clk 01:12:49]} {[%emt 00:04:19]} Nc4
{[%clk 01:14:41]} {[%emt 00:07:13]} 14. Bxc4 {[%clk 01:10:18]} {[%emt
00:03:01]} Rxc4 {[%clk 01:11:06]} {[%emt 00:04:06]} 15. Nd5 {[%clk 01:09:24]}
{[%emt 00:01:23]} Nxd5 {[%clk 01:11:23]} {[%emt 00:00:13]} 16. exd5 {[%clk
01:09:42]} {[%emt 00:00:11]} Bf5 {[%clk 01:11:23]} {[%emt 00:00:31]} 17. c3
{[%clk 01:05:04]} {[%emt 00:05:08]} O-O {[%clk 01:08:15]} {[%emt 00:03:39]} 18.
a5 {[%clk 01:00:11]} {[%emt 00:05:22]} g5 {[%clk 01:06:20]} {[%emt 00:02:25]}
19. Nc1 {[%clk 00:57:29]} {[%emt 00:03:12]} Bg6 {[%clk 01:04:46]} {[%emt
00:02:03]} 20. Ne2 {[%clk 00:54:30]} {[%emt 00:03:29]} Kh7 {[%clk 01:02:19]}
{[%emt 00:02:57]} 21. b3 {[%clk 00:53:22]} {[%emt 00:01:38]} Rc8 {[%clk
01:02:43]} {[%emt 00:00:06]} 22. c4 {[%clk 00:52:30]} {[%emt 00:01:23]} f5
{[%clk 01:03:01]} {[%emt 00:00:12]} 23. Nc3 {[%clk 00:52:39]} {[%emt 00:00:21]}
f4 {[%clk 00:49:40]} {[%emt 00:13:51]} 24. Bb6 {[%clk 00:44:05]} {[%emt
00:09:03]} Qd7 {[%clk 00:49:56]} {[%emt 00:00:14]} 25. Qe2 {[%clk 00:43:39]}
{[%emt 00:00:57]} g4 {[%clk 00:44:01]} {[%emt 00:06:25]} 26. Ne4 {[%clk
00:40:14]} {[%emt 00:03:55]} Bf5 {[%clk 00:26:37]} {[%emt 00:17:54]} 27. Rac1
{[%clk 00:30:49]} {[%emt 00:09:55]} Rg8 {[%clk 00:23:22]} {[%emt 00:03:44]} 28.
Kh1 {[%clk 00:26:04]} {[%emt 00:05:15]} Rg6 {[%clk 00:15:52]} {[%emt 00:08:01]}
29. c5 {[%clk 00:20:41]} {[%emt 00:05:53]} dxc5 {[%clk 00:13:00]} {[%emt
00:03:23]} 30. Nxc5 {[%clk 00:19:33]} {[%emt 00:01:37]} Bxc5 {[%clk 00:11:38]}
{[%emt 00:01:53]} 31. Rxc5 {[%clk 00:18:23]} {[%emt 00:01:39]} gxf3 {[%clk
00:07:25]} {[%emt 00:04:44]} 32. gxf3 {[%clk 00:13:39]} {[%emt 00:05:13]} Rxc5
{[%clk 00:07:37]} {[%emt 00:00:19]} 33. Bxc5 {[%clk 00:13:58]} {[%emt
00:00:11]} e4 {[%clk 00:06:23]} {[%emt 00:01:44]} 34. Rd4 {[%clk 00:07:48]}
{[%emt 00:06:38]} Qg7 {[%clk 00:05:42]} {[%emt 00:01:12]} 35. Ra4 {[%clk
00:06:21]} {[%emt 00:01:57]} Bh3 {[%clk 00:05:05]} {[%emt 00:01:07]} 0-1

[Event "DVM U20 2023"]
[Site "Magdeburg GER"]
[Date "2023.12.30"]
[Round "7"]
[White "Avdic, Faris"]
[Black "Epp, Magnus"]
[Result "1-0"]
[Termination "normal"]
[Board "2.4"]
[WhiteElo "2197"]
[BlackElo "1478"]
[WhiteClock "01:16:00"]
[BlackClock "00:01:21"]
[WhiteTeam "Hamburger SK 1830"]
[BlackTeam "SF HN-Biberach 1978"]
[PlyCount "69"]
[WhiteFideId "14422328"]
[BlackFideId "16289773"]
[EventCountry "GER"]
[EventRounds "7"]
[EventType "team-swiss"]
[EventDate "2023.12.26"]

1. d4 {[%clk 01:30:59]} {[%emt 00:00:01]} Nf6 {[%clk 01:27:23]} {[%emt
00:03:37]} 2. c4 {[%clk 01:31:19]} {[%emt 00:00:09]} g6 {[%clk 01:27:44]}
{[%emt 00:00:09]} 3. Nc3 {[%clk 01:31:44]} {[%emt 00:00:06]} Bg7 {[%clk
01:28:04]} {[%emt 00:00:11]} 4. e4 {[%clk 01:32:08]} {[%emt 00:00:05]} d6
{[%clk 01:28:28]} {[%emt 00:00:06]} 5. Be2 {[%clk 01:32:35]} {[%emt 00:00:04]}
e5 {[%clk 01:28:46]} {[%emt 00:00:11]} 6. d5 {[%clk 01:32:50]} {[%emt
00:00:15]} O-O {[%clk 01:28:25]} {[%emt 00:00:51]} 7. Be3 {[%clk 01:32:58]}
{[%emt 00:00:21]} Nbd7 {[%clk 01:27:39]} {[%emt 00:01:17]} 8. g4 {[%clk
01:33:06]} {[%emt 00:00:21]} Ne8 {[%clk 01:19:42]} {[%emt 00:08:28]} 9. h4
{[%clk 01:33:23]} {[%emt 00:00:13]} f6 {[%clk 01:08:04]} {[%emt 00:12:07]} 10.
h5 {[%clk 01:32:09]} {[%emt 00:01:45]} Rf7 {[%clk 01:03:41]} {[%emt 00:04:53]}
11. hxg6 {[%clk 01:30:23]} {[%emt 00:02:15]} hxg6 {[%clk 01:04:00]} {[%emt
00:00:11]} 12. g5 {[%clk 01:28:50]} {[%emt 00:02:02]} Nf8 {[%clk 01:01:30]}
{[%emt 00:03:01]} 13. gxf6 {[%clk 01:29:04]} {[%emt 00:00:17]} Bxf6 {[%clk
01:00:56]} {[%emt 00:01:02]} 14. Nf3 {[%clk 01:29:04]} {[%emt 00:00:31]} g5
{[%clk 00:56:33]} {[%emt 00:04:54]} 15. Qd2 {[%clk 01:27:26]} {[%emt 00:02:08]}
Rg7 {[%clk 00:55:42]} {[%emt 00:01:21]} 16. O-O-O {[%clk 01:26:26]} {[%emt
00:01:30]} Nh7 {[%clk 00:36:47]} {[%emt 00:19:24]} 17. Rdg1 {[%clk 01:23:10]}
{[%emt 00:03:47]} Be7 {[%clk 00:34:06]} {[%emt 00:03:12]} 18. Rg2 {[%clk
01:21:09]} {[%emt 00:02:31]} Bd7 {[%clk 00:31:31]} {[%emt 00:03:03]} 19. Nh2
{[%clk 01:18:45]} {[%emt 00:02:55]} Bf8 {[%clk 00:25:54]} {[%emt 00:06:06]} 20.
Bg4 {[%clk 01:17:54]} {[%emt 00:01:21]} Bxg4 {[%clk 00:24:12]} {[%emt
00:02:13]} 21. Nxg4 {[%clk 01:18:22]} {[%emt 00:00:02]} Rg6 {[%clk 00:23:59]}
{[%emt 00:00:43]} 22. Rgh2 {[%clk 01:17:49]} {[%emt 00:01:02]} Nef6 {[%clk
00:20:28]} {[%emt 00:04:02]} 23. Nxf6+ {[%clk 01:17:55]} {[%emt 00:00:24]} Nxf6
{[%clk 00:20:53]} {[%emt 00:00:04]} 24. Bxg5 {[%clk 01:18:15]} {[%emt
00:00:10]} Bg7 {[%clk 00:20:21]} {[%emt 00:01:02]} 25. f3 {[%clk 01:17:47]}
{[%emt 00:00:57]} Qd7 {[%clk 00:18:18]} {[%emt 00:02:35]} 26. Ne2 {[%clk
01:17:55]} {[%emt 00:00:21]} Rf8 {[%clk 00:11:59]} {[%emt 00:06:50]} 27. Ng3
{[%clk 01:18:09]} {[%emt 00:00:15]} Ne8 {[%clk 00:09:31]} {[%emt 00:02:58]} 28.
Qe3 {[%clk 01:17:25]} {[%emt 00:01:14]} b6 {[%clk 00:09:34]} {[%emt 00:00:28]}
29. Rg2 {[%clk 01:15:15]} {[%emt 00:02:38]} Kf7 {[%clk 00:03:35]} {[%emt
00:06:30]} 30. Nf5 {[%clk 01:15:22]} {[%emt 00:00:24]} Nf6 {[%clk 00:02:24]}
{[%emt 00:01:42]} 31. Nh4 {[%clk 01:14:30]} {[%emt 00:01:22]} Rh8 {[%clk
00:02:11]} {[%emt 00:00:43]} 32. Rhg1 {[%clk 01:14:42]} {[%emt 00:00:18]} Rxg5
{[%clk 00:01:12]} {[%emt 00:01:30]} 33. Rxg5 {[%clk 01:15:06]} {[%emt
00:00:05]} Bh6 {[%clk 00:01:28]} {[%emt 00:00:15]} 34. Nf5 {[%clk 01:15:33]}
{[%emt 00:00:04]} Bxg5 {[%clk 00:01:21]} {[%emt 00:00:36]} 35. Qxg5 {[%clk
01:16:00]} {[%emt 00:00:02]} 1-0

[Event "DVM U20 2023"]
[Site "Magdeburg GER"]
[Date "2023.12.30"]
[Round "7"]
[White "Gerold, Robin"]
[Black "Kotyk, Michael"]
[Result "0-1"]
[Termination "normal"]
[Board "2.5"]
[BlackTitle "CM"]
[WhiteElo "1532"]
[BlackElo "2137"]
[WhiteClock "00:08:42"]
[BlackClock "01:02:30"]
[WhiteTeam "SF HN-Biberach 1978"]
[BlackTeam "Hamburger SK 1830"]
[PlyCount "152"]
[WhiteFideId "16235185"]
[BlackFideId "16214501"]
[EventCountry "GER"]
[EventRounds "7"]
[EventType "team-swiss"]
[EventDate "2023.12.26"]

1. d4 {[%clk 01:29:08]} {[%emt 00:01:51]} f5 {[%clk 01:29:23]} {[%emt
00:01:38]} 2. Bf4 {[%clk 01:28:39]} {[%emt 00:00:58]} Nf6 {[%clk 01:28:36]}
{[%emt 00:01:16]} 3. e3 {[%clk 01:28:57]} {[%emt 00:00:12]} d6 {[%clk
01:26:43]} {[%emt 00:02:24]} 4. h3 {[%clk 01:24:06]} {[%emt 00:05:20]} g6
{[%clk 01:26:21]} {[%emt 00:00:52]} 5. Nf3 {[%clk 01:24:18]} {[%emt 00:00:19]}
Bg7 {[%clk 01:26:40]} {[%emt 00:00:11]} 6. c3 {[%clk 01:23:45]} {[%emt
00:01:03]} e6 {[%clk 01:18:52]} {[%emt 00:08:17]} 7. Nbd2 {[%clk 01:16:35]}
{[%emt 00:07:39]} Qe7 {[%clk 01:15:53]} {[%emt 00:03:29]} 8. Bd3 {[%clk
01:09:33]} {[%emt 00:07:32]} Nc6 {[%clk 01:15:47]} {[%emt 00:00:36]} 9. Bb5
{[%clk 01:08:01]} {[%emt 00:02:03]} Bd7 {[%clk 01:15:44]} {[%emt 00:00:32]} 10.
Qe2 {[%clk 01:07:01]} {[%emt 00:01:31]} a6 {[%clk 01:15:25]} {[%emt 00:00:49]}
11. Ba4 {[%clk 01:06:41]} {[%emt 00:00:50]} O-O {[%clk 01:15:25]} {[%emt
00:00:29]} 12. Bc2 {[%clk 01:07:09]} {[%emt 00:00:02]} e5 {[%clk 01:15:15]}
{[%emt 00:00:40]} 13. dxe5 {[%clk 01:02:26]} {[%emt 00:05:13]} dxe5 {[%clk
01:14:22]} {[%emt 00:01:23]} 14. Bb3+ {[%clk 01:02:12]} {[%emt 00:00:44]} Kh8
{[%clk 01:14:27]} {[%emt 00:00:24]} 15. Bh2 {[%clk 01:01:42]} {[%emt 00:01:00]}
e4 {[%clk 01:14:03]} {[%emt 00:00:53]} 16. Nd4 {[%clk 01:02:04]} {[%emt
00:00:09]} Ne5 {[%clk 01:14:12]} {[%emt 00:00:20]} 17. Bxe5 {[%clk 01:02:06]}
{[%emt 00:00:59]} Qxe5 {[%clk 01:15:09]} {[%emt 00:00:02]} 18. O-O-O {[%clk
00:48:40]} {[%emt 00:13:57]} c5 {[%clk 01:13:44]} {[%emt 00:01:55]} 19. Nc2
{[%clk 00:44:24]} {[%emt 00:04:48]} b5 {[%clk 01:13:47]} {[%emt 00:00:26]} 20.
a3 {[%clk 00:44:41]} {[%emt 00:00:12]} a5 {[%clk 01:07:51]} {[%emt 00:06:25]}
21. Nb1 {[%clk 00:37:54]} {[%emt 00:07:18]} Rab8 {[%clk 01:05:24]} {[%emt
00:02:51]} 22. Qd2 {[%clk 00:37:03]} {[%emt 00:01:26]} b4 {[%clk 01:02:44]}
{[%emt 00:03:09]} 23. axb4 {[%clk 00:36:10]} {[%emt 00:01:24]} cxb4 {[%clk
01:02:00]} {[%emt 00:01:14]} 24. Qd4 {[%clk 00:23:42]} {[%emt 00:12:59]} Qxd4
{[%clk 01:00:50]} {[%emt 00:01:39]} 25. Nxd4 {[%clk 00:22:31]} {[%emt
00:01:42]} a4 {[%clk 00:59:21]} {[%emt 00:01:59]} 26. Be6 {[%clk 00:22:22]}
{[%emt 00:00:39]} Rfc8 {[%clk 00:58:47]} {[%emt 00:01:05]} 27. Bxd7 Nxd7 {[%clk
00:59:15]} 28. Nc6 {[%clk 00:18:27]} {[%emt 00:01:47]} Rxc6 {[%clk 00:58:39]}
{[%emt 00:01:05]} 29. Rxd7 {[%clk 00:18:52]} {[%emt 00:00:05]} bxc3 {[%clk
00:58:55]} {[%emt 00:00:13]} 30. bxc3 {[%clk 00:18:03]} {[%emt 00:01:20]} Bxc3
{[%clk 00:59:07]} {[%emt 00:00:18]} 31. Nxc3 {[%clk 00:18:21]} {[%emt
00:00:12]} Rxc3+ {[%clk 00:59:35]} {[%emt 00:00:01]} 32. Kd2 {[%clk 00:18:40]}
{[%emt 00:00:11]} Ra3 {[%clk 00:59:37]} {[%emt 00:00:29]} 33. Rd1 {[%clk
00:18:50]} {[%emt 00:00:20]} Rb2+ {[%clk 00:57:24]} {[%emt 00:02:43]} 34. Ke1
{[%clk 00:19:11]} {[%emt 00:00:10]} Raa2 {[%clk 00:57:15]} {[%emt 00:00:38]}
35. R1d2 {[%clk 00:17:24]} {[%emt 00:02:17]} a3 {[%clk 00:55:47]} {[%emt
00:01:58]} 36. Rd1 {[%clk 00:16:47]} {[%emt 00:01:07]} Re2+ {[%clk 00:54:51]}
{[%emt 00:01:26]} 37. Kf1 {[%clk 00:17:10]} {[%emt 00:00:08]} Rxf2+ {[%clk
00:55:17]} {[%emt 00:00:02]} 38. Kg1 {[%clk 00:17:34]} {[%emt 00:00:07]} Rxg2+
{[%clk 00:55:44]} {[%emt 00:00:03]} 39. Kf1 {[%clk 00:17:56]} {[%emt 00:00:07]}
Raf2+ {[%clk 00:55:59]} {[%emt 00:00:16]} 40. Ke1 {[%clk 00:18:20]} {[%emt
00:00:06]} a2 {[%clk 00:56:00]} {[%emt 00:00:28]} 41. Ra7 {[%clk 00:18:32]}
{[%emt 00:00:18]} Rg1+ {[%clk 00:56:17]} {[%emt 00:00:12]} 42. Kxf2 {[%clk
00:18:57]} {[%emt 00:00:06]} Rxd1 {[%clk 00:56:42]} {[%emt 00:00:06]} 43. Rxa2
{[%clk 00:19:19]} {[%emt 00:00:09]} Kg7 {[%clk 00:57:06]} {[%emt 00:00:06]} 44.
Kg2 {[%clk 00:18:25]} {[%emt 00:01:23]} Kh6 {[%clk 00:57:26]} {[%emt 00:00:10]}
45. Rb2 {[%clk 00:18:09]} {[%emt 00:00:47]} Kh5 {[%clk 00:57:37]} {[%emt
00:00:18]} 46. Ra2 {[%clk 00:16:12]} {[%emt 00:02:28]} Re1 {[%clk 00:57:23]}
{[%emt 00:00:44]} 47. Kf2 {[%clk 00:16:20]} {[%emt 00:00:22]} Rh1 {[%clk
00:57:51]} {[%emt 00:00:01]} 48. Kg2 {[%clk 00:16:44]} {[%emt 00:00:07]} Rb1
{[%clk 00:58:07]} {[%emt 00:00:13]} 49. Rc2 {[%clk 00:16:58]} {[%emt 00:00:17]}
h6 {[%clk 00:58:30]} {[%emt 00:00:07]} 50. Ra2 {[%clk 00:12:04]} {[%emt
00:05:23]} Rb3 {[%clk 00:58:53]} {[%emt 00:00:08]} 51. Re2 {[%clk 00:12:25]}
{[%emt 00:00:07]} Kh4 {[%clk 00:59:19]} {[%emt 00:00:05]} 52. Kh2 {[%clk
00:12:37]} {[%emt 00:00:19]} g5 {[%clk 00:59:37]} {[%emt 00:00:12]} 53. Kg2
{[%clk 00:12:28]} {[%emt 00:00:38]} h5 {[%clk 00:59:45]} {[%emt 00:00:23]} 54.
Kh2 {[%clk 00:12:50]} {[%emt 00:00:08]} Ra3 {[%clk 00:59:22]} {[%emt 00:00:54]}
55. Kg2 {[%clk 00:13:05]} {[%emt 00:00:14]} g4 {[%clk 00:59:47]} {[%emt
00:00:05]} 56. hxg4 {[%clk 00:13:25]} {[%emt 00:00:10]} Kxg4 {[%clk 01:00:12]}
{[%emt 00:00:05]} 57. Kf2 {[%clk 00:12:37]} {[%emt 00:01:17]} h4 {[%clk
01:00:36]} {[%emt 00:00:06]} 58. Kg2 {[%clk 00:12:57]} {[%emt 00:00:11]} h3+
{[%clk 01:01:00]} {[%emt 00:00:05]} 59. Kh2 {[%clk 00:13:15]} {[%emt 00:00:12]}
Kf3 {[%clk 01:01:20]} {[%emt 00:00:09]} 60. Rb2 {[%clk 00:07:53]} {[%emt
00:05:53]} Rxe3 {[%clk 01:01:06]} {[%emt 00:00:45]} 61. Kxh3 {[%clk 00:08:03]}
{[%emt 00:00:20]} Re1 {[%clk 01:00:05]} {[%emt 00:01:29]} 62. Kh4 {[%clk
00:08:27]} {[%emt 00:00:07]} Rg1 {[%clk 01:00:20]} {[%emt 00:00:13]} 63. Ra2
{[%clk 00:08:24]} {[%emt 00:00:37]} e3 {[%clk 01:00:25]} {[%emt 00:00:23]} 64.
Ra3 {[%clk 00:07:20]} {[%emt 00:01:35]} f4 {[%clk 01:00:41]} {[%emt 00:00:13]}
65. Rb3 {[%clk 00:07:40]} {[%emt 00:00:11]} Kf2 {[%clk 01:01:01]} {[%emt
00:00:07]} 66. Kh3 {[%clk 00:07:39]} {[%emt 00:00:33]} e2 {[%clk 01:01:10]}
{[%emt 00:00:21]} 67. Rb2 {[%clk 00:07:53]} {[%emt 00:00:17]} Kf1 {[%clk
01:01:32]} {[%emt 00:00:07]} 68. Ra2 {[%clk 00:06:27]} {[%emt 00:01:57]} Rh1+
{[%clk 01:01:38]} {[%emt 00:00:23]} 69. Kg4 {[%clk 00:06:51]} {[%emt 00:00:07]}
e1=Q {[%clk 01:01:26]} {[%emt 00:00:40]} 70. Kxf4 {[%clk 00:06:57]} {[%emt
00:00:27]} Qb4+ {[%clk 01:01:26]} {[%emt 00:00:27]} 71. Kg5 {[%clk 00:07:09]}
{[%emt 00:00:20]} Rg1+ {[%clk 01:01:32]} {[%emt 00:00:23]} 72. Kf6 {[%clk
00:07:28]} {[%emt 00:00:13]} Qd6+ {[%clk 01:01:45]} {[%emt 00:00:15]} 73. Kf7
{[%clk 00:07:41]} {[%emt 00:00:19]} Qd5+ {[%clk 01:02:07]} {[%emt 00:00:07]}
74. Ke7 {[%clk 00:07:57]} {[%emt 00:00:14]} Rg7+ {[%clk 01:02:30]} {[%emt
00:00:07]} 75. Ke8 {[%clk 00:08:16]} {[%emt 00:00:11]} Qd7+ {[%clk 01:02:30]}
{[%emt 00:00:29]} 76. Kf8 {[%clk 00:08:42]} {[%emt 00:00:06]} Qe7# {[%emt
00:00:19]} 0-1

[Event "DVM U20 2023"]
[Site "Magdeburg GER"]
[Date "2023.12.30"]
[Round "7"]
[White "Klaas, Heiko"]
[Black "Martsfeld, Jonas"]
[Result "1-0"]
[Termination "normal"]
[Board "2.6"]
[WhiteElo "1878"]
[BlackElo "1421"]
[WhiteClock "00:07:48"]
[BlackClock "00:03:54"]
[WhiteTeam "Hamburger SK 1830"]
[BlackTeam "SF HN-Biberach 1978"]
[PlyCount "67"]
[WhiteFideId "16215940"]
[BlackFideId "16255640"]
[EventCountry "GER"]
[EventRounds "7"]
[EventType "team-swiss"]
[EventDate "2023.12.26"]

1. e4 {[%clk 01:30:57]} {[%emt 00:00:02]} e5 {[%clk 01:29:32]} {[%emt
00:01:30]} 2. Nf3 {[%clk 01:31:19]} {[%emt 00:00:07]} Nc6 {[%clk 01:29:58]}
{[%emt 00:00:05]} 3. Bc4 {[%clk 01:31:37]} {[%emt 00:00:11]} Bc5 {[%clk
01:29:24]} {[%emt 00:01:05]} 4. c3 {[%clk 01:31:56]} {[%emt 00:00:11]} Nf6
{[%clk 01:13:38]} {[%emt 00:16:16]} 5. d4 {[%clk 01:32:18]} {[%emt 00:00:09]}
exd4 {[%clk 01:13:58]} {[%emt 00:00:09]} 6. e5 {[%clk 01:32:42]} {[%emt
00:00:07]} d5 {[%clk 01:11:03]} {[%emt 00:03:26]} 7. Bb5 {[%clk 01:33:03]}
{[%emt 00:00:08]} Nd7 {[%clk 01:04:22]} {[%emt 00:07:10]} 8. cxd4 {[%clk
01:23:49]} {[%emt 00:09:44]} Bb4+ {[%clk 01:03:16]} {[%emt 00:01:36]} 9. Nc3
{[%clk 01:23:41]} {[%emt 00:00:38]} Nb6 {[%clk 00:55:04]} {[%emt 00:08:42]} 10.
h3 {[%clk 01:16:16]} {[%emt 00:07:56]} O-O {[%clk 00:47:06]} {[%emt 00:08:28]}
11. Bd3 {[%clk 01:11:08]} {[%emt 00:05:37]} f6 {[%clk 00:40:53]} {[%emt
00:06:44]} 12. O-O {[%emt 00:08:44]} fxe5 {[%clk 00:39:29]} {[%emt 00:00:25]}
13. dxe5 {[%clk 01:00:56]} {[%emt 00:03:56]} Bf5 {[%clk 00:37:01]} {[%emt
00:02:59]} 14. Bg5 {[%clk 00:38:20]} {[%emt 00:23:05]} Be7 {[%clk 00:35:25]}
{[%emt 00:02:08]} 15. Bxe7 {[%clk 00:37:04]} {[%emt 00:01:45]} Nxe7 {[%clk
00:33:32]} {[%emt 00:02:23]} 16. Nb5 {[%clk 00:35:56]} {[%emt 00:01:38]} Bxd3
{[%clk 00:24:53]} {[%emt 00:09:09]} 17. Qxd3 {[%clk 00:36:16]} {[%emt
00:00:10]} Nf5 {[%clk 00:25:22]} {[%emt 00:00:01]} 18. Nbd4 {[%clk 00:35:27]}
{[%emt 00:01:19]} Nxd4 {[%clk 00:19:59]} {[%emt 00:05:53]} 19. Nxd4 {[%clk
00:35:34]} {[%emt 00:00:23]} Qe8 {[%clk 00:18:02]} {[%emt 00:02:27]} 20. f4
{[%clk 00:33:07]} {[%emt 00:02:56]} c6 {[%clk 00:16:29]} {[%emt 00:02:04]} 21.
Rae1 {[%clk 00:32:59]} {[%emt 00:00:38]} Nd7 {[%clk 00:15:37]} {[%emt
00:01:22]} 22. b4 {[%clk 00:25:41]} {[%emt 00:07:48]} a5 {[%clk 00:12:18]}
{[%emt 00:03:49]} 23. a3 {[%clk 00:18:07]} {[%emt 00:08:04]} axb4 {[%clk
00:12:32]} {[%emt 00:00:16]} 24. axb4 {[%clk 00:18:32]} {[%emt 00:00:05]} g6
{[%clk 00:09:30]} {[%emt 00:03:32]} 25. Qb3 {[%clk 00:13:57]} {[%emt 00:05:04]}
Qe7 {[%clk 00:08:17]} {[%emt 00:01:44]} 26. g3 {[%clk 00:10:03]} {[%emt
00:04:24]} Nb6 {[%clk 00:06:26]} {[%emt 00:02:22]} 27. f5 {[%emt 00:04:39]}
gxf5 {[%clk 00:03:40]} {[%emt 00:00:04]} 28. Nxf5 {[%clk 00:08:51]} {[%emt
00:00:44]} Qe6 {[%clk 00:03:05]} {[%emt 00:01:04]} 29. Qf3 {[%clk 00:06:30]}
{[%emt 00:02:52]} Rf7 {[%clk 00:03:33]} {[%emt 00:00:03]} 30. Nh6+ {[%clk
00:06:30]} {[%emt 00:00:30]} Qxh6 {[%clk 00:03:01]} {[%emt 00:01:02]} 31. Qxf7+
{[%clk 00:06:57]} {[%emt 00:00:01]} Kh8 {[%clk 00:03:31]} 32. e6 {[%clk
00:07:02]} {[%emt 00:00:26]} Qxh3 {[%clk 00:03:35]} {[%emt 00:00:26]} 33. Qf6+
{[%clk 00:07:23]} {[%emt 00:00:10]} Kg8 {[%clk 00:03:54]} {[%emt 00:00:10]} 34.
Qg5+ {[%clk 00:07:48]} {[%emt 00:00:05]} 1-0